000 00356cam a2200145ua 4500
041 _aeng
_h
082 _a823.308
_bANT/AL
100 _aAntonov, S .
245 _aAlyona /
_cS Antonov.
_hTextual Documents
260 _aMoscow :
_bForeign Language Publishing House ,
_c1962.
300 _a142 ;
_e`.
504 _a
942 _cBK
999 _c11895
_d11895